000 00793nam a2200289Ia 4500
001 16539
003 IT-RoPAU
008 130308s9999 xx 000 0 und d
040 _aIT-RoPAU
040 _cIT-RoPAU
041 _aITALIANO
100 _aPalatina
100 _gCodice Aut. SPICS: 2953
245 _aProvincia come propensione al reale
245 _bTradizione e innovazione nel Cinema degli Autori Emiliano Romagnoli
250 _a1a ed.
260 _aMODENA
260 _bComune Di Modena
260 _c1976 [1° Ed.:1976 - Ed.Ling.Originale:1957]
300 _a"2 p. (prefazione: no ; testo: 2 [pagine: 61-62])"
650 _aSTORIA NAZIONALE DEL CINEMA
650 _eCodice materia Spics: 6809
942 _cBK
957 _71
999 _c54404
_d54404
999 _bSI
999 _g1